Developmental spans in event comprehension and representation: bridging fictional and actual events

Sparad:
Bibliografiska uppgifter
Huvudupphovsman: Broek, Paul W. van den (Författare, medförfattare)
Materialtyp: Bok
Språk:engelska
Publicerad: Mahwah Lawrence Erlbaum Associates 1997
Ämnen:
Taggar: Lägg till en tagg
Inga taggar, Lägg till första taggen!

MARC

LEADER 00000nam a2200000 a 4500
001 UCO9354
003 CL-VaPUC
008 010302e19970000us |||||||||||||||||eng|d
082 0 4 |a 153.4  |b BRO  |2 21 
100 0 |a Broek, Paul W. van den  |e author  |9 454450 
245 1 0 |a Developmental spans in event comprehension and representation: bridging fictional and actual events 
300 |a 429 p 
942 |c BK 
945 |d 20010302 00:00:00  |a vberengu 
260 |a Mahwah  |b Lawrence Erlbaum Associates  |c 1997 
650 0 |a Comprensión   |9 339377 
650 0 |a Procesos de aprendizaje  |9 309161 
583 |a last modification  |c 20171120 05:33:07  |k Rodrigo Vera 
999 |c 293570  |d 293568 
952 |0 0  |1 0  |4 0  |6 153_400000000000000_BRO_1997  |7 0  |8 A  |9 345188  |a FDOPOS  |b FDOPOS  |d 2019-11-20  |i 3690237  |o 153.4 BRO 1997  |p 3690237  |r 2025-01-22  |w 2019-11-20  |y BK  |k MLA 
952 |0 0  |1 0  |4 0  |6 153_400000000000000_BRO_1997  |7 0  |8 A  |9 345189  |a FDOPOS  |b FDOPOS  |d 2019-11-20  |i 3826724  |o 153.4 BRO 1997  |p 3826724  |r 2025-01-22  |w 2019-11-20  |y BK  |k MLA